[Event "Finnland 1-England D"]
[Site "?"]
[Date "2008.02.11"]
[Round "1.1"]
[White "Westerinen, H."]
[Black "Wilson, P."]
[Result "1-0"]
[WhiteElo "2362"]
[BlackElo "1989"]
[PlyCount "67"]
[EventDate "2008.??.??"]

1. e4 b6 2. d4 e6 3. Bd3 Bb7 4. Nf3 d6 5. O-O Be7 6. Re1 Nf6 7. c4 c5 8. d5 e5
9. Nc3 O-O 10. a3 Na6 11. Rb1 Bc8 12. h3 Bd7 13. Nh2 Ne8 14. f4 f6 15. Nf3 g5
16. f5 Ng7 17. g4 Qe8 18. h4 h6 19. Kf2 Kf7 20. Rh1 Rh8 21. Be3 Nc7 22. b4 Rb8
23. Qd2 Qd8 24. Rh2 h5 25. hxg5 fxg5 26. Rbh1 Qe8 27. Bxg5 Bxg5 28. Nxg5+ Ke7
29. Ne6 Bxe6 30. dxe6 Kf8 31. Nd5 Ncxe6 32. fxe6 Nxe6 33. Rxh5 Rxh5 34. Rxh5
1-0

[Event "Finnland 1-England D"]
[Site "?"]
[Date "2008.02.11"]
[Round "1.2"]
[White "Crombleholme, A."]
[Black "Hurme, H."]
[Result "1/2-1/2"]
[WhiteElo "2101"]
[BlackElo "2215"]
[PlyCount "163"]
[EventDate "2008.??.??"]

1. d4 d5 2. Nf3 Nc6 3. Bf4 e6 4. e3 Bd6 5. c3 Nge7 6. Bd3 Ng6 7. Bg3 a6 8. a4
O-O 9. O-O Bxg3 10. hxg3 Re8 11. e4 e5 12. exd5 Qxd5 13. Re1 Bg4 14. Be4 Qd6
15. dxe5 Qxd1 16. Rxd1 Ngxe5 17. Nbd2 Rad8 18. Nf1 Bc8 19. Ne3 Nxf3+ 20. gxf3
Ne7 21. Rxd8 Rxd8 22. Rd1 Rxd1+ 23. Nxd1 a5 24. Ne3 b6 25. Kf1 Bd7 26. Bc2 Be6
27. f4 g6 28. Ke2 f5 29. Kd3 Kf7 30. Nc4 Bxc4+ 31. Kxc4 Ke6 32. b4 Nc6 33. bxa5
Nxa5+ 34. Kb5 Kd6 35. Bd1 Nc6 36. Bb3 Na7+ 37. Ka6 Nc8 38. Bg8 h6 39. Kb5 c6+
40. Kc4 Ke7 41. Kd4 Nd6 42. f3 Ne8 43. Bb3 Nf6 44. Ke3 Kd6 45. Bf7 g5 46. fxg5
hxg5 47. Bb3 Nh5 48. Kf2 Ke5 49. Bf7 Nf6 50. Ke3 f4+ 51. gxf4+ gxf4+ 52. Ke2
Kf5 53. Bb3 Nd7 54. Bc2+ Kg5 55. Kd3 Kh4 56. Bd1 Nf6 57. Kd4 Kg3 58. c4 Nd7 59.
Ke4 Nc5+ 60. Kd4 Nb7 61. Ke5 Na5 62. c5 bxc5 63. Kd6 c4 64. Kc5 c3 65. Kb4 Nb7
66. Kxc3 Kf2 67. Kb4 Ke3 68. a5 c5+ 69. Kb5 Nxa5 70. Kxc5 Nb7+ 71. Kd5 Nd8 72.
Ke5 Nc6+ 73. Kf5 Nb4 74. Kg4 Nd3 75. Ba4 Nf2+ 76. Kh4 Kxf3 77. Bc6+ Ke3 78. Bg2
Ke2 79. Kg5 Nd3 80. Be4 Ke3 81. Bxd3 Kxd3 82. Kxf4 1/2-1/2

[Event "Schottland-Salzburg"]
[Site "?"]
[Date "2008.02.11"]
[Round "1.1"]
[White "Bonner, G."]
[Black "Opl, K."]
[Result "1/2-1/2"]
[WhiteElo "2225"]
[BlackElo "2313"]
[PlyCount "61"]
[EventDate "2008.??.??"]

1. d4 Nf6 2. Nf3 c5 3. e3 g6 4. Nbd2 Bg7 5. c3 b6 6. Bd3 O-O 7. Qe2 Bb7 8. O-O
Qc7 9. e4 cxd4 10. cxd4 d6 11. Nb3 e5 12. d5 Nbd7 13. Bg5 Nc5 14. Rac1 Qe7 15.
Nxc5 bxc5 16. Nd2 h6 17. Bxf6 Bxf6 18. Ba6 Bg5 19. Rc2 Bxa6 20. Qxa6 Bxd2 21.
Rxd2 Rab8 22. Rc2 Rb4 23. Qe2 f5 24. Rc4 Rxc4 25. Qxc4 Kg7 26. b4 cxb4 27. Qxb4
fxe4 28. Qxe4 Rf4 29. Qc2 Qb7 30. g3 Rf7 31. Qb3 1/2-1/2

[Event "Schottland-Salzburg"]
[Site "?"]
[Date "2008.02.11"]
[Round "1.2"]
[White "Weinwurm, W."]
[Black "White, A."]
[Result "1-0"]
[WhiteElo "2177"]
[BlackElo "2045"]
[PlyCount "33"]
[EventDate "2008.??.??"]

1. e4 d6 2. d4 Nf6 3. Nc3 g6 4. Bg5 c6 5. Qd2 b5 6. Bd3 Nbd7 7. f4 h6 8. Bh4 e5
9. fxe5 dxe5 10. Nf3 exd4 11. Nxd4 Ne5 12. Nxc6 Nxc6 13. Bxb5 Bd7 14. Bxc6 g5
15. Bxa8 Qxa8 16. Qd4 Bg7 17. Bg3 1-0

[Event "Schottland-Salzburg"]
[Site "?"]
[Date "2008.02.11"]
[Round "1.3"]
[White "Borwell, A."]
[Black "Stürzenbaum, A."]
[Result "1/2-1/2"]
[WhiteElo "1849"]
[BlackElo "2198"]
[PlyCount "45"]
[EventDate "2008.??.??"]

1. e4 c5 2. Nf3 Nc6 3. d4 cxd4 4. Nxd4 Nf6 5. Nc3 e5 6. Nxc6 bxc6 7. Bc4 Bb4 8.
O-O O-O 9. Bg5 h6 10. Bh4 Qe7 11. Qd3 g5 12. Bg3 Bb7 13. Rfe1 Rad8 14. Rad1 d6
15. a3 Ba5 16. Ba2 Kg7 17. h4 Nh5 18. Qf3 Nf4 19. hxg5 hxg5 20. Bxf4 exf4 21.
g3 fxg3 22. Qxg3 Qe5 23. Re3 1/2-1/2

[Event "Schottland-Salzburg"]
[Site "?"]
[Date "2008.02.11"]
[Round "1.4"]
[White "Wöber, F."]
[Black "Macgilchrist, S."]
[Result "1/2-1/2"]
[WhiteElo "2150"]
[BlackElo "1821"]
[PlyCount "59"]
[EventDate "2008.??.??"]

1. e4 c6 2. d4 d5 3. Nc3 dxe4 4. Nxe4 Bf5 5. Ng3 Bg6 6. Nf3 Nd7 7. h4 h6 8. h5
Bh7 9. Bd3 Bxd3 10. Qxd3 e6 11. Bf4 Qa5+ 12. Bd2 Qb6 13. O-O-O O-O-O 14. Qe2
Ngf6 15. Ne5 Nxe5 16. dxe5 Nd5 17. Rh4 Bc5 18. c4 Nb4 19. Bxb4 Bxb4 20. Rhh1
Rxd1+ 21. Rxd1 Rd8 22. Ne4 Rxd1+ 23. Qxd1 Be7 24. a3 Qc7 25. f4 Qb6 26. Nd6+
Bxd6 27. Qxd6 Qg1+ 28. Kd2 Qxg2+ 29. Ke3 Qg3+ 30. Ke4 1/2-1/2

[Event "Rhein-Sieg-Finnland 2"]
[Site "?"]
[Date "2008.02.11"]
[Round "1.2"]
[White "Aaltio, E."]
[Black "Hübner, W."]
[Result "0-1"]
[WhiteElo "2111"]
[BlackElo "2072"]
[PlyCount "57"]
[EventDate "2008.??.??"]

1. d4 d5 2. Nf3 Nf6 3. c4 e5 4. g3 c5 5. cxd5 Nxd5 6. Bg2 Nc6 7. O-O Be7 8.
dxc5 O-O 9. e4 Ndb4 10. a3 Nd3 11. Be3 Nxc5 12. Nc3 a5 13. Rc1 b6 14. Bxc5 bxc5
15. Na4 Ba6 16. Re1 Qxd1 17. Rexd1 Be2 18. Re1 Bxf3 19. Bxf3 Nd4 20. Bd1 Rab8
21. Nxc5 Rxb2 22. a4 Rc8 23. Nd3 Rxc1 24. Nxc1 Rb1 25. Nd3 f6 26. Kf1 f5 27.
Be2 Rb3 28. Rc1 Ra3 29. f4 0-1

[Event "Rhein-Sieg-Finnland 2"]
[Site "?"]
[Date "2008.02.11"]
[Round "1.4"]
[White "Saharinen, P."]
[Black "Müller-Using, D."]
[Result "1/2-1/2"]
[WhiteElo "1825"]
[BlackElo "2077"]
[PlyCount "93"]
[EventDate "2008.??.??"]

1. d4 c5 2. d5 e5 3. c4 d6 4. Nc3 Ne7 5. e4 Ng6 6. g3 Be7 7. Bh3 Bxh3 8. Nxh3
Qd7 9. Qa4 Qxa4 10. Nxa4 Na6 11. a3 O-O 12. Nc3 Nc7 13. O-O Rab8 14. f4 Bf6 15.
f5 Ne7 16. g4 h6 17. g5 hxg5 18. Bxg5 b5 19. cxb5 Nxb5 20. Nxb5 Rxb5 21. Bxf6
gxf6 22. Rab1 Rfb8 23. Rf2 Rb3 24. Kg2 Re3 25. Rg1 Kh7 26. Rf3 Rxb2+ 27. Nf2
Rxf3 28. Kxf3 Rb3+ 29. Ke2 Rxa3 30. Ng4 Ng8 31. Kd2 Ra4 32. Kd3 a5 33. Rc1 Rd4+
34. Ke3 a4 35. Ra1 Rb4 36. Kd3 Kg7 37. h4 Nh6 38. Nf2 Kf8 39. Nd1 Ng4 40. Nc3
Rd4+ 41. Ke2 Rc4 42. Ra3 Ke7 43. Kf3 Nh6 44. Nxa4 Rb4 45. Nc3 c4 46. Ra4 Rxa4
47. Nxa4 1/2-1/2

[Event "Sachsen 2-Wien"]
[Site "?"]
[Date "2008.02.11"]
[Round "1.1"]
[White "Schröter, H."]
[Black "Roth, P."]
[Result "1/2-1/2"]
[WhiteElo "2072"]
[BlackElo "2209"]
[PlyCount "35"]
[EventDate "2008.??.??"]

1. f4 b5 2. Nf3 Bb7 3. e3 a6 4. c4 b4 5. d4 e6 6. Bd3 Nf6 7. O-O c5 8. Nbd2 Qb6
9. Nb3 d6 10. a4 a5 11. dxc5 dxc5 12. Qe2 Nc6 13. e4 Be7 14. e5 Nd7 15. Be3
O-O-O 16. Be4 f5 17. exf6 Bxf6 18. Qf2 1/2-1/2

[Event "Sachsen 2-Wien"]
[Site "?"]
[Date "2008.02.11"]
[Round "1.2"]
[White "Titz, H."]
[Black "Winter, K-H."]
[Result "1-0"]
[WhiteElo "2205"]
[BlackElo "2048"]
[PlyCount "61"]
[EventDate "2008.??.??"]

1. c4 e5 2. Nc3 Nf6 3. g3 Nc6 4. Bg2 Bb4 5. Nf3 O-O 6. O-O Bxc3 7. bxc3 d6 8.
d3 h6 9. e4 Be6 10. Rb1 Rb8 11. h3 Nd7 12. Nh4 Ne7 13. g4 Ng6 14. Nf5 Nf4 15.
Qf3 Nc5 16. Bxf4 exf4 17. d4 Nd7 18. Qxf4 Bxc4 19. Rfe1 b6 20. Rb2 Re8 21. Qg3
d5 22. e5 Nf6 23. Ne3 Nd7 24. Nxd5 c5 25. Ne3 Bd3 26. Rd2 cxd4 27. cxd4 Bg6 28.
f4 Rc8 29. f5 Bh7 30. Nd5 Qg5 31. Qe3 1-0

[Event "Sachsen 2-Wien"]
[Site "?"]
[Date "2008.02.11"]
[Round "1.3"]
[White "Bec, D."]
[Black "Dückstein, A."]
[Result "0-1"]
[WhiteElo "1905"]
[BlackElo "2252"]
[PlyCount "86"]
[EventDate "2008.??.??"]

1. Nf3 Nc6 2. c4 e5 3. Nc3 Nf6 4. a3 a5 5. d4 exd4 6. Nxd4 Bc5 7. e3 O-O 8.
Nxc6 bxc6 9. b3 d5 10. Na4 Bd6 11. Bb2 Re8 12. c5 Be5 13. Bxe5 Rxe5 14. Be2 Qe7
15. O-O h5 16. h3 Rg5 17. Kh1 Qe4 18. Bf3 Qh4 19. Qd4 Ne4 20. Bxe4 dxe4 21.
Qd8+ Kh7 22. f4 exf3 23. Rxf3 Bg4 24. Qd3+ Rg6 25. Rf4 Rd8 26. Rd4 Rxd4 27.
Qxd4 Qf2 28. Qf4 Qxf4 29. exf4 Be6 30. Nc3 Rg3 31. Rc1 Bxb3 32. Ne4 Re3 33.
Ng5+ Kg6 34. Nf3 Bd5 35. Ne5+ Kf5 36. Nc4 Rxh3+ 37. Kg1 Rg3 38. Rc2 Bxc4 39.
Rxc4 Rxa3 40. Kf2 Rb3 41. g3 Rb4 42. Rc3 a4 43. Ra3 Kg4 0-1

[Event "Sachsen 2-Wien"]
[Site "?"]
[Date "2008.02.11"]
[Round "1.4"]
[White "Seuss, O."]
[Black "Seibt, M."]
[Result "1-0"]
[WhiteElo "2170"]
[BlackElo "1975"]
[PlyCount "101"]
[EventDate "2008.??.??"]

1. e4 e5 2. Nf3 Nc6 3. Bb5 a6 4. Ba4 Nf6 5. O-O Be7 6. Re1 b5 7. Bb3 d6 8. c3
O-O 9. h3 Na5 10. Bc2 c5 11. d4 Qc7 12. Nbd2 Bd7 13. Nf1 Rfe8 14. Ng3 cxd4 15.
cxd4 Rac8 16. Bd3 Nc6 17. Be3 Qb8 18. a3 h6 19. Qd2 Bf8 20. d5 Ne7 21. Nh2 Ng6
22. f3 h5 23. Ne2 Be7 24. Rf1 Bd8 25. Kh1 Bb6 26. g4 Qa7 27. Bxb6 Qxb6 28. Kg2
Rc7 29. Rac1 Rec8 30. Rxc7 Qxc7 31. Rd1 Qd8 32. Nf1 h4 33. Ne3 Nh7 34. Nf5 Bxf5
35. exf5 Ngf8 36. Rc1 Nd7 37. Be4 Nb6 38. Rxc8 Qxc8 39. b3 Qc5 40. b4 Qc4 41.
Kf2 f6 42. Qe3 Qc7 43. f4 Nc4 44. Qc3 Qb6+ 45. Kg2 exf4 46. Nxf4 Ng5 47. Bf3
Ne3+ 48. Kh1 Nxf3 49. Qc8+ Kh7 50. Ng6 Nxf5 51. Qh8+ 1-0

[Event "Niedersachsen-Bremen"]
[Site "?"]
[Date "2008.02.11"]
[Round "1.1"]
[White "Clemens, C."]
[Black "Gerhardt, P-M."]
[Result "1/2-1/2"]
[WhiteElo "2303"]
[BlackElo "2112"]
[PlyCount "44"]
[EventDate "2008.??.??"]

1. g3 g6 2. Bg2 Bg7 3. e4 c5 4. d3 d6 5. f4 Nc6 6. Nc3 Nf6 7. Nf3 O-O 8. O-O
Bg4 9. h3 Bd7 10. Be3 Rb8 11. g4 b5 12. Qe1 b4 13. Nd1 Ne8 14. f5 e6 15. Bg5
Qb6 16. Qh4 f6 17. fxg6 hxg6 18. Be3 Nd4 19. Rf2 Nc7 20. c3 Nxf3+ 21. Bxf3 Qa6
22. c4 e5 1/2-1/2

[Event "Niedersachsen-Bremen"]
[Site "?"]
[Date "2008.02.11"]
[Round "1.2"]
[White "Keller, H."]
[Black "Dornieden, M."]
[Result "1/2-1/2"]
[WhiteElo "1924"]
[BlackElo "2264"]
[PlyCount "97"]
[EventDate "2008.??.??"]

1. d4 d6 2. Nf3 Bg4 3. e3 g6 4. Be2 Bg7 5. c4 c6 6. Nc3 Nf6 7. O-O O-O 8. e4
Nbd7 9. h3 Bxf3 10. Bxf3 e5 11. Be3 Qc7 12. d5 c5 13. Qd3 a6 14. Rab1 b5 15. a3
Ne8 16. g4 Qd8 17. Qd2 Nc7 18. Kg2 Qe7 19. Be2 Rab8 20. a4 a5 21. Rbe1 Na6 22.
Bd3 Nb4 23. Bb1 f6 24. Bh6 g5 25. Bxg7 Kxg7 26. Ne2 Rh8 27. Ng3 Kg8 28. Nf5 Qd8
29. Nh6+ Kf8 30. Qe2 Ke8 31. h4 gxh4 32. Nf5 Nf8 33. Nxh4 Ng6 34. Nxg6 hxg6 35.
Rh1 Kf7 36. Rxh8 Qxh8 37. Rh1 Qg7 38. Qf3 Rh8 39. Rxh8 Qxh8 40. Qh3 Qxh3+ 41.
Kxh3 Kg7 42. Kg3 Kh6 43. Kh4 Na6 44. Bd3 Nb8 45. f3 Nd7 46. Bc2 Nf8 47. Bd3 Nh7
48. Bc2 Ng5 49. Kg3 1/2-1/2

[Event "Niedersachsen-Bremen"]
[Site "?"]
[Date "2008.02.11"]
[Round "1.3"]
[White "Durst, U."]
[Black "Pundt, W."]
[Result "1-0"]
[WhiteElo "2159"]
[BlackElo "1930"]
[PlyCount "89"]
[EventDate "2008.??.??"]

1. f4 e5 2. fxe5 d6 3. exd6 Bxd6 4. Nf3 Bg4 5. e4 Qe7 6. Nc3 Nf6 7. d3 Nc6 8.
Be2 O-O-O 9. Bg5 Bxf3 10. Bxf3 Qe5 11. Qd2 Bb4 12. O-O Nd4 13. Bf4 Nxf3+ 14.
gxf3 Qh5 15. d4 Rxd4 16. Qf2 Rd7 17. e5 Nd5 18. Qxa7 Qg6+ 19. Bg3 Qb6+ 20. Qxb6
Nxb6 21. Ne4 Rhd8 22. a3 Be7 23. Kf2 Nc4 24. b3 Nd2 25. Rfe1 Nxe4+ 26. Rxe4 f6
27. f4 fxe5 28. fxe5 Bc5+ 29. Ke1 g5 30. b4 Bd4 31. Rb1 h5 32. e6 Bc3+ 33. Kf1
Rf8+ 34. Ke2 Rd2+ 35. Ke3 g4 36. Bf4 Rxc2 37. Kd3 Rb2 38. Rc1 Rf2 39. e7 Rf3+
40. Be3 Re8 41. Rxc3 Kd7 42. Rd4+ Kxe7 43. Rxc7+ Kf8 44. Rf4+ Rxf4 45. Bxf4 1-0

[Event "Niedersachsen-Bremen"]
[Site "?"]
[Date "2008.02.11"]
[Round "1.4"]
[White "Brüggemann, H."]
[Black "Peleikis, H."]
[Result "0-1"]
[WhiteElo "1993"]
[BlackElo "2100"]
[PlyCount "80"]
[EventDate "2008.??.??"]

1. e4 c5 2. Nf3 d6 3. d4 cxd4 4. Nxd4 Nf6 5. Nc3 g6 6. Bc4 Bg7 7. O-O O-O 8. h3
Nc6 9. Nf3 Bd7 10. Be3 Qc8 11. a3 Na5 12. Bd3 Be6 13. Qe2 Nc4 14. Bc1 Nb6 15.
Be3 Nc4 16. Bc1 Na5 17. Bd2 Nc6 18. Be3 h6 19. Qd2 Kh7 20. Kh2 Rd8 21. Nd4 Nxd4
22. Bxd4 Ng4+ 23. hxg4 Bxd4 24. Nd1 Bxg4 25. f3 Be6 26. c3 Bf6 27. Ne3 Qc5 28.
Nd5 Bxd5 29. exd5 Kg7 30. Be4 Re8 31. f4 Rac8 32. Rf3 Rc7 33. Rh3 e6 34. Rh1
exd5 35. Bxd5 Rce7 36. Bf3 g5 37. Rh5 Re3 38. Qc2 Qc4 39. Rxh6 Qxf4+ 40. g3
Qxf3 0-1

[Event "SC 1911 Großröhrsdorf / BSW-Schweden 1"]
[Site "?"]
[Date "2008.02.11"]
[Round "1.1"]
[White "Stavenhagen, J."]
[Black "Malmdin, N-A."]
[Result "0-1"]
[WhiteElo "2055"]
[BlackElo "2268"]
[PlyCount "117"]
[EventDate "2008.??.??"]

1. d4 g6 2. e4 Bg7 3. Bc4 d6 4. Qf3 e6 5. Ne2 a6 6. a4 Nd7 7. Nbc3 c5 8. Be3
Qc7 9. Bb3 c4 10. Ba2 Ne7 11. O-O O-O 12. b3 cxb3 13. cxb3 h6 14. Rac1 Qb8 15.
Qg3 b5 16. Qh4 g5 17. Qg3 b4 18. Nd1 d5 19. Qxb8 Rxb8 20. e5 a5 21. Ng3 Ba6 22.
Re1 Rfc8 23. Nb2 f6 24. Nh5 Bh8 25. Nxf6+ Nxf6 26. exf6 Bxf6 27. Bb1 Kf7 28.
Bd3 Bxd3 29. Nxd3 Rc3 30. Nc5 Nf5 31. Nd7 Rbc8 32. g4 Nxe3 33. Rxc3 Rxc3 34.
fxe3 Bg7 35. Nc5 e5 36. Nb7 exd4 37. Nd6+ Kg6 38. exd4 Bxd4+ 39. Kg2 Be3 40.
Nf5 d4 41. Rd1 Rxb3 42. Nxd4 Bxd4 43. Rxd4 Ra3 44. Rd6+ Kg7 45. Rd7+ Kf6 46.
Rd6+ Ke5 47. Ra6 Kf4 48. h3 Ra2+ 49. Kf1 Rxa4 50. Ke1 b3 51. Kd2 Rc4 52. Rf6+
Kg3 53. Rf5 b2 54. Rb5 Rb4 55. Rxb4 axb4 56. Kc2 Kxh3 57. Kxb2 Kxg4 58. Kb3 Kf3
59. Kxb4 0-1

[Event "SC 1911 Großröhrsdorf / BSW-Schweden 1"]
[Site "?"]
[Date "2008.02.11"]
[Round "1.2"]
[White "Svensson, L."]
[Black "Müller, S."]
[Result "1-0"]
[WhiteElo "2179"]
[BlackElo "2050"]
[PlyCount "49"]
[EventDate "2008.??.??"]

1. d4 b6 2. e4 e6 3. Nc3 Bb7 4. Nf3 Bb4 5. Bd3 Nf6 6. Qe2 Qe7 7. O-O Bxc3 8.
bxc3 c5 9. a4 c4 10. Bxc4 Nxe4 11. Ba3 Qf6 12. Qe3 d5 13. Bb5+ Nd7 14. Ne5
O-O-O 15. Nxd7 Rxd7 16. Bxd7+ Kxd7 17. a5 Rc8 18. Bb4 Ba6 19. Rfe1 Bc4 20. axb6
axb6 21. Ra7+ Rc7 22. Rxc7+ Kxc7 23. Ra1 Kb7 24. f3 Ng5 25. h4 1-0

[Event "SC 1911 Großröhrsdorf / BSW-Schweden 1"]
[Site "?"]
[Date "2008.02.11"]
[Round "1.3"]
[White "Morgner, S."]
[Black "Akvist, H."]
[Result "0-1"]
[WhiteElo "1921"]
[BlackElo "2178"]
[PlyCount "114"]
[EventDate "2008.??.??"]

1. Nf3 Nf6 2. d4 g6 3. c4 Bg7 4. Nc3 d5 5. e3 O-O 6. Be2 a6 7. a4 c5 8. dxc5
Qa5 9. Bd2 dxc4 10. Bxc4 Qxc5 11. Qe2 Nc6 12. Rc1 Bg4 13. h3 Qh5 14. Rg1 Bxf3
15. Qxf3 Qe5 16. Qf4 Rad8 17. Qxe5 Nxe5 18. Be2 Rd7 19. f4 Nd3+ 20. Bxd3 Rxd3
21. g4 Rfd8 22. Rc2 e5 23. f5 Bf8 24. g5 Nd5 25. fxg6 hxg6 26. Nxd5 R3xd5 27.
Ke2 Be7 28. Rg4 Kg7 29. h4 R8d7 30. Rgc4 f6 31. gxf6+ Bxf6 32. Be1 Kf7 33. Rc7
Ke6 34. Rxd7 Rxd7 35. Rc4 Kf5 36. Bc3 Rh7 37. Be1 e4 38. Rb4 Bxh4 39. Bxh4 Rxh4
40. Rxb7 Rh2+ 41. Kf1 Kg4 42. Rf7 g5 43. b4 Rb2 44. b5 axb5 45. axb5 Rxb5 46.
Rf2 Rf5 47. Rxf5 Kxf5 48. Kf2 Kg4 49. Kg2 Kh4 50. Kh2 g4 51. Kg2 g3 52. Kg1 Kh3
53. Kh1 Kh4 54. Kg1 g2 55. Kxg2 Kg4 56. Kf2 Kh3 57. Kf1 Kg3 0-1

[Event "SC 1911 Großröhrsdorf / BSW-Schweden 1"]
[Site "?"]
[Date "2008.02.11"]
[Round "1.4"]
[White "Andersson, K."]
[Black "Zanger, K."]
[Result "1-0"]
[WhiteElo "2155"]
[BlackElo "1808"]
[PlyCount "201"]
[EventDate "2008.??.??"]

1. e4 e5 2. Nf3 d6 3. Bc4 h6 4. c3 Be7 5. Qb3 Be6 6. Bxe6 fxe6 7. Qxe6 Nf6 8.
d4 Nc6 9. O-O Qd7 10. Qxd7+ Nxd7 11. Nbd2 Bf6 12. Nb3 O-O-O 13. d5 Ne7 14. Be3
Kb8 15. c4 b6 16. a4 Nc5 17. Nbd2 Ng6 18. a5 Nf4 19. Rfb1 Ne2+ 20. Kf1 Nd4 21.
b4 Nd7 22. Ra2 c5 23. dxc6 Nxc6 24. c5 b5 25. cxd6 a6 26. Bc5 g5 27. Rb3 g4 28.
Ne1 Rhf8 29. Rd3 Bh4 30. g3 Bg5 31. Kg2 Rf7 32. f3 h5 33. Nb3 Rdf8 34. Rf2 h4
35. fxg4 h3+ 36. Kg1 Rxf2 37. Bxf2 Nxb4 38. Rf3 Nc6 39. Nc5 Rd8 40. Nxa6+ Kb7
41. Nc7 Nxa5 42. Nxb5 Kc6 43. Nc3 Bd2 44. Nc2 Rb8 45. Be1 Bxe1 46. Nxe1 Nc4 47.
g5 Rg8 48. Nd3 Nxd6 49. Nf2 Rxg5 50. Nxh3 Rg4 51. Nf2 Rg8 52. Nd5 Ra8 53. Rc3+
Nc5 54. Nd3 Ndxe4 55. N3b4+ Kd6 56. Rc2 Rh8 57. Kg2 Ng5 58. Ne3 Nge4 59. Nc4+
Ke6 60. Re2 Rb8 61. Nc6 Rc8 62. N6xe5 Rd8 63. Nf3 Ra8 64. Ncd2 Kf5 65. Nxe4
Nxe4 66. Nd2 Ra2 67. g4+ Kg6 68. Rxe4 Rxd2+ 69. Kg3 Rc2 70. h4 Rc3+ 71. Kf4 Rc5
72. Re6+ Kf7 73. Re5 Rc8 74. Ra5 Kg6 75. Ra6+ Kh7 76. Ra7+ Kh8 77. Re7 Rf8+ 78.
Kg5 Rg8+ 79. Kh5 Rc8 80. g5 Kg8 81. Kh6 Rc4 82. Kh5 Kf8 83. Ra7 Kg8 84. Ra2 Kg7
85. Rg2 Rc5 86. Rg4 Rc8 87. Rf4 Rc1 88. Kg4 Rg1+ 89. Kf5 Rh1 90. Rb4 Rf1+ 91.
Kg4 Rg1+ 92. Kh5 Rd1 93. Rb7+ Kg8 94. Kh6 Rd4 95. h5 Kf8 96. Rb8+ Ke7 97. g6
Rd6 98. Kg7 Rd7 99. Rf8 Rd5 100. h6 Rh5 101. h7 1-0

[Event "Sachsen-Anhalt-Bahn-Sozialwerk 2"]
[Site "?"]
[Date "2008.02.11"]
[Round "1.1"]
[White "Liebert, H."]
[Black "Hollstein, J."]
[Result "1-0"]
[WhiteElo "2254"]
[BlackElo "1980"]
[PlyCount "108"]
[EventDate "2008.??.??"]

1. c4 Nf6 2. Nf3 g6 3. g3 Bg7 4. Bg2 d5 5. cxd5 Nxd5 6. Nc3 O-O 7. O-O c5 8.
Nxd5 Qxd5 9. d3 Nc6 10. Be3 Bxb2 11. Rb1 Bf6 12. Nd4 Qxa2 13. Nxc6 bxc6 14.
Bxc5 Qa6 15. Rb4 Rd8 16. Qc2 Be6 17. Ra4 Qb7 18. Rb1 Qd7 19. d4 Qc7 20. Ra6
Bxd4 21. Bxd4 Rxd4 22. Rxc6 Qd8 23. Rxe6 fxe6 24. Bxa8 Qxa8 25. Qc7 Qe4 26. Re1
Ra4 27. Qxe7 a5 28. e3 Rb4 29. Qd8+ Kg7 30. Qxa5 Rb1 31. Qc3+ Kh6 32. Rxb1
Qxb1+ 33. Kg2 Qf5 34. Qd4 e5 35. Qh4+ Kg7 36. e4 Qd7 37. Qg5 Qd4 38. Qe7+ Kh6
39. Qb7 Qd6 40. h4 Qf6 41. Qd7 Qf8 42. Qe6 Qc5 43. Qf7 Qc2 44. g4 Qxe4+ 45. Kg3
Qf4+ 46. Qxf4+ exf4+ 47. Kxf4 Kg7 48. Ke5 Kf7 49. g5 Ke7 50. f3 Kf7 51. Kd6 Kg7
52. Ke7 Kg8 53. f4 Kg7 54. h5 h6 1-0

[Event "Sachsen-Anhalt-Bahn-Sozialwerk 2"]
[Site "?"]
[Date "2008.02.11"]
[Round "1.3"]
[White "Just, J."]
[Black "Kalmutzki, M."]
[Result "1-0"]
[WhiteElo "2101"]
[BlackElo "2005"]
[PlyCount "143"]
[EventDate "2008.??.??"]

1. d4 d5 2. Bf4 e6 3. e3 Bd6 4. Bd3 f5 5. Nf3 Nf6 6. Ne5 O-O 7. Nd2 c5 8. dxc5
Bxc5 9. Nb3 Bd6 10. Nd4 a6 11. O-O Qc7 12. Ndf3 Nbd7 13. Nxd7 Bxd7 14. Bxd6
Qxd6 15. c4 Bc6 16. Nd4 dxc4 17. Bxc4 Bd5 18. Qb3 b5 19. Bxd5 Nxd5 20. Rfd1
Rad8 21. Rac1 Rf6 22. Rc6 Qb4 23. Rxe6 Qxb3 24. axb3 Nc3 25. Rxf6 Nxd1 26. Rxa6
f4 27. Ne6 Rd2 28. exf4 Nxf2 29. h3 Rxb2 30. f5 Ne4 31. Ra8+ Kf7 32. Ra7+ Kf6
33. g4 Rxb3 34. Rxg7 Rxh3 35. Kg2 Rg3+ 36. Kh2 b4 37. Rg8 Kf7 38. Rf8+ Ke7 39.
Rb8 Rxg4 40. Rxb4 Nf6 41. Rb7+ Kd6 42. Kh3 Ke5 43. Rb5+ Kd6 44. Nf8 Rc4 45. Ra5
Rb4 46. Kg2 Rc4 47. Kf3 Rb4 48. Ne6 Rc4 49. Nf4 Rc3+ 50. Ke2 Rb3 51. Nd3 Rc3
52. Kd2 Rc4 53. Ra6+ Rc6 54. Ra8 Rc7 55. Rf8 Ke7 56. Rh8 Rc4 57. Ra8 Rh4 58.
Ra7+ Ke8 59. Ke3 Re4+ 60. Kf3 Rh4 61. Nf4 Rh1 62. Kg2 Rb1 63. Ne6 Rb3 64. Ra8+
Ke7 65. Ra7+ Ke8 66. Nc7+ Kd8 67. Ne6+ Ke8 68. Ng5 Rb5 69. Ne6 Rb6 70. Kf2 Ne4+
71. Ke1 Nf6 72. Kd2 1-0

[Event "Sachsen-Anhalt-Bahn-Sozialwerk 2"]
[Site "?"]
[Date "2008.02.11"]
[Round "1.4"]
[White "Warnke, E."]
[Black "Hamm, G."]
[Result "1/2-1/2"]
[WhiteElo "1787"]
[BlackElo "2157"]
[PlyCount "69"]
[EventDate "2008.??.??"]

1. Nf3 g6 2. g3 Bg7 3. Bg2 e5 4. d3 d6 5. e4 Nc6 6. c3 Nf6 7. Nbd2 O-O 8. O-O
Bd7 9. Re1 Qc8 10. Nf1 h6 11. Ne3 Ne7 12. c4 Kh7 13. a4 Bh3 14. Qe2 Bxg2 15.
Kxg2 Nh5 16. Nd5 Nxd5 17. cxd5 c5 18. Bd2 Qd7 19. b4 b6 20. Rec1 f5 21. Rc4 f4
22. h3 fxg3 23. fxg3 Rf7 24. b5 Raf8 25. Rf1 Qb7 26. Nh2 Rxf1 27. Nxf1 a6 28.
bxa6 Qxa6 29. Be3 b5 30. axb5 Qxb5 31. Rc2 Ra8 32. Nd2 Ra1 33. Nc4 Qa6 34. Rb2
Bf8 35. Qf2 1/2-1/2

[Event "Rotation Dresden 1958-Württemberg"]
[Site "?"]
[Date "2008.02.11"]
[Round "1.1"]
[White "Appelt, G."]
[Black "Schmid, H."]
[Result "1/2-1/2"]
[WhiteElo "2046"]
[BlackElo "2210"]
[PlyCount "37"]
[EventDate "2008.??.??"]

1. e4 c5 2. Nf3 Nf6 3. Nc3 e6 4. b3 Nc6 5. Bb2 d5 6. exd5 exd5 7. Bb5 d4 8.
Qe2+ Be7 9. Bxc6+ bxc6 10. Na4 O-O 11. O-O Re8 12. Rfe1 Be6 13. Ng5 Bd5 14. c4
Bd6 15. Qd3 Be6 16. Nxe6 fxe6 17. Qh3 e5 18. d3 Qd7 19. Qxd7 1/2-1/2

[Event "Rotation Dresden 1958-Württemberg"]
[Site "?"]
[Date "2008.02.11"]
[Round "1.2"]
[White "Hottes, D."]
[Black "Koksch, G."]
[Result "1-0"]
[WhiteElo "2200"]
[BlackElo "2096"]
[PlyCount "59"]
[EventDate "2008.??.??"]

1. b3 f5 2. Bb2 Nf6 3. c4 e6 4. Nc3 Be7 5. d4 d6 6. e3 Nbd7 7. Bd3 b6 8. Nge2
Bb7 9. Nf4 Nf8 10. O-O Qd7 11. Qc2 Ng6 12. d5 Nxf4 13. exf4 g6 14. Rfe1 O-O 15.
Rxe6 Nh5 16. Rae1 Bd8 17. Qd2 Ng7 18. R6e2 c6 19. dxc6 Bxc6 20. Nd5 Bxd5 21.
cxd5 Rc8 22. a4 a6 23. Qb4 h6 24. Re6 Bc7 25. Rxg6 Kh7 26. Rge6 a5 27. Qc3 Rf7
28. Bb5 Qd8 29. Qe3 Nxe6 30. dxe6 1-0

[Event "Rotation Dresden 1958-Württemberg"]
[Site "?"]
[Date "2008.02.11"]
[Round "1.3"]
[White "Kneschke, H."]
[Black "Rädeker, B."]
[Result "1/2-1/2"]
[WhiteElo "1877"]
[BlackElo "2256"]
[PlyCount "74"]
[EventDate "2008.??.??"]

1. Nf3 d5 2. g3 c6 3. Bg2 Bg4 4. d4 Nd7 5. Nbd2 Ngf6 6. O-O e6 7. c4 Bd6 8. b3
O-O 9. Bb2 Qe7 10. Ne5 Bh5 11. Bf3 Bxf3 12. Ndxf3 Ne4 13. Nxd7 Qxd7 14. c5 Bc7
15. b4 a5 16. a3 f6 17. Qd3 Rae8 18. Rfd1 Qc8 19. Nd2 Nxd2 20. Rxd2 e5 21. e4
dxe4 22. Qxe4 f5 23. Qd3 e4 24. Qc4+ Kh8 25. d5 cxd5 26. Rxd5 f4 27. Rad1 Re7
28. Rg5 Rf5 29. Rxf5 Qxf5 30. Qd5 Qxd5 31. Rxd5 axb4 32. axb4 Kg8 33. gxf4 Bxf4
34. Bd4 g6 35. b5 Kf7 36. Be3 Bxe3 37. fxe3 Ke6 1/2-1/2

[Event "Rotation Dresden 1958-Württemberg"]
[Site "?"]
[Date "2008.02.11"]
[Round "1.4"]
[White "Gabriel, J."]
[Black "Säurig, B."]
[Result "1-0"]
[WhiteElo "2135"]
[BlackElo "1801"]
[PlyCount "135"]
[EventDate "2008.??.??"]

1. c4 Nf6 2. Nc3 c5 3. Nf3 Nc6 4. g3 g6 5. Bg2 Bg7 6. O-O O-O 7. d4 cxd4 8.
Nxd4 Qb6 9. Nc2 e6 10. Bf4 Ne8 11. Qd2 f5 12. Rab1 a6 13. Na4 Qd8 14. c5 a5 15.
Rfd1 Rf7 16. Nb6 Ra6 17. Nc4 Kh8 18. Qe3 Qe7 19. Nb6 Rxb6 20. cxb6 d5 21. Rdc1
Bd7 22. Qd2 Nf6 23. Bg5 Qd8 24. b4 a4 25. Qe3 Qb8 26. b5 Ng4 27. bxc6 Nxe3 28.
cxd7 Rxd7 29. Bxe3 d4 30. Rd1 e5 31. Bd2 Bf6 32. f4 e4 33. Bc3 Qd8 34. Nxd4
Rxd4 35. Bxd4 Bxd4+ 36. Kh1 Qf6 37. Rb4 Bxb6 38. Rdb1 Bc5 39. Rxb7 Bf8 40. h4
Qe6 41. Rb8 Kg8 42. a3 Qa2 43. Kh2 Qxa3 44. Ra8 Kg7 45. Rb7+ Be7 46. Raa7 Kf6
47. e3 h6 48. Kh3 Qc5 49. Rxa4 Qxe3 50. Ra6+ Kf7 51. Raa7 Qc5 52. Rxe7+ Qxe7
53. Rxe7+ Kxe7 54. Bf1 h5 55. Kg2 Kd6 56. Kf2 Kd5 57. Ke3 Kc5 58. Ba6 Kd5 59.
Bb5 Ke6 60. Kd4 Kf6 61. Bc4 Kg7 62. Ke5 Kh6 63. Kf6 Kh7 64. Kf7 e3 65. Be2 Kh6
66. Kg8 g5 67. fxg5+ Kg6 68. Bc4 1-0